STN EN 29142 Lepidlá. Návod na výber štandardných laboratórnych podmienok starnutia na skúšanie lepených spojov.

Bibliographic Details
Format: Book
Language:Undetermined
PhysicalDescription:28 s.
Published: Bratislava Slovenský ústav technickej normalizácie 2001

MARC

LEADER 00000nam a2200000 a 4500
001 vtls001425080
003 SK-MaSNL
005 20260223175158.0
008 180126sm y0 xo 0 und
035 |a SNK000379963 
040 |a SNK  |b slo  |c SNK  |e AACR2 
044 |a xo  |c SK 
245 1 |a STN EN 29142 Lepidlá. Návod na výber štandardných laboratórnych podmienok starnutia na skúšanie lepených spojov. 
260 |a Bratislava  |b Slovenský ústav technickej normalizácie  |c 2001 
300 |a 28 s. 
999 |c 641049  |d 642979 
952 |t P60, <03>, [BOOK], {603}  |a SNK  |b SNK  |y PREZ  |7 0  |p 17A0324025  |o snkSTN EN 29142  |i snkN 2257/2001  |0 0  |1 0  |4 0  |d 2001-11-23  |l 0  |r 2005-01-02 00:00:00  |w 2026-02-23 
952 |t P60, <04>, [BOOK], {604}  |a SNK  |b SNK  |y VYP  |7 0  |p 17A0324026  |o snkSTN EN 29142 D1  |i snkN 2258/2001  |0 0  |1 0  |4 0  |d 2001-11-23  |l 0  |r 2005-01-02 00:00:00  |w 2026-02-23